000
00319nam a22001457a 4500
003
OSt
005
20160727222405.0
008
160623b xxu||||| |||| 00| 0 eng d
040
_c
ALICE
100
_9
810
_a
Dorr, R.K
245
_a
ALICE
260
_a
Tennessee
_b
Broadman Press
_c
1989
300
_a
ALICE
942
_2
ddc
_c
BK
999
_c
648
_d
648